1790 1047 1579 1903 1312 1328 1128 1835 1361 1968 1967 1575 1235 1610 1864 1944 1444 1664 1703 1885 1280 1914 1384 1115 1206 1277 1011 1475 1270 1551 1980 1788 1486 1447 1018 1203 1544 1707 1865 1673 1905 1244 1802 1161 1804 1206 1207 1207 1445 1883 1986 1763 1203 1457 1290 1139 1079 1110 1103 1953 1985 1692 1151 1886 1553 1060 1854 1067 1292 1124 1653 1778 1648 1613 1159 1658 1723 1335 1248 1472 1989 1340 1355 1899 1932 1230 1286 1317 1895 1684 1495 1197 1692 1093 1754 1743 1097 1584 1491 BCNSPRNW ULIB Ver.6.0+V

เปลี่ยนเป็นภาษาไทย

Change to English
 แสดงรายละเอียดบรรณานุกรม
  กลับหน้าหลัก

Brief Record : Get Marc (ISO 2709) : E-mail record : QR code < ปิดหน้าต่าง
LEADER : 00000nam 2200000uu 4500
001    13399125644
003     ULIB
008    170713s2559||||th 000 0 tha d
020    ^a9786163202697
060  0 ^aWB108^bค121ร
100 0  ^aคณะบรรณาธิการ สนพ.
245 00 ^aรู้ให้ทันโรคใกล้ตัว รู้ไว ปลอดภัยต่อตนเอง /^cคณะบรรณาธิการ สนพ.
260    ^aกรุงเทพฯ :^bกอแก้ว สนพ.,^c2559
300    ^a352 หน้า ;^c21 ซม.
650  0 ^aโรค^xยา
945    ^p280^l0^i002622
999    ^aประนอม เกษจรัล
รายการนี้ยังไม่มีแท็ก
คุณยังไม่ได้ล็อกอิน คุณสามารถมีกิจกรรมร่วมกับเว็บไซต์ได้ แต่ต้องล็อกอินก่อน ::
  ล็อกอิน

รายการสื่อสารสนเทศ

ลำดับที่ ประเภท เลขเรียก/บาร์โค้ด สถานที่ สถานะ
1. วิทยาศาสตร์การแพทย์ และสุขภาพ
วิทยาศาสตร์การแพทย์ และสุขภาพ
สถานะ=หนังสือเก่า
WB108 ค121ร ฉ.1 
  Barcode: 002622
ห้องสมุดวิทยาเขตสวรรค์ประชารักษ์
►ส่วนจัดเก็บหนังสือเก่า สปร
บนชั้น
  ขอยืม

รายการใกล้เคียง
    ผู้แต่ง [คณะบรรณาธิการ สนพ.]

BibComment


ยังไม่เคยถูกคอมเมนท์

คอมเมนท์ทรัพยากรรายการนี้
  คอมเมนท์: รู้ให้ทันโรคใกล้..


 Copyright 2026. Bcnsprnw @Library